| 000 | 00466cam a2200181ua 4500 | ||
|---|---|---|---|
| 020 | _c2.75 | ||
| 041 |
_aeng _h |
||
| 082 |
_a808.51 _bCAS/CO |
||
| 100 | _aCasson, Herbert N. | ||
| 245 |
_aComplete public speaking course / _cHerbert Casson N. _hTextual Documents |
||
| 250 |
_a4 / _b. |
||
| 260 |
_aMumbai : _bD B Taraporevala sons & Co. Pvt. Ltd. , _c1964. |
||
| 300 | _a124 ; . | ||
| 365 | _a2.75 | ||
| 504 | _a | ||
| 942 | _cBK | ||
| 999 |
_c7823 _d7823 |
||